000 00755nam a22002537a 4500
003 UA-OsUOA
001 30710
007 ta
008 20041112b un ||||| |||| 00| 0 ukr d
090 _a011(821)
_bР89
942 _cBK
040 _aUA-OsUOA
_brus
_cUA-OsUOA
_dUA-OsUOA
245 _aРусские советские писатели. Поэты
_bБиблиографический указатель
_cРед. О. Д.Голубева А. Г.Алексахина А. Г.Калентьева
300 _a558 с.
955 _a0
041 _arus
080 _a011(821)
020 _a5-7000-0090-3
260 _aМосква
_bКнижная палата
_c1989
246 3 1 _aТ. 12
_n
044 _aRU
650 7 _2UDC
999 _c317124
_d317124